000 00524nam a2200205Ia 4500
005 20230306112011.0
008 131103s9999 xx 000 0 und d
040 _aLoreto College
041 _aEnglish
082 _a822.33
_bSHA-CHA
100 _aCharlton,H.B.
245 _aShakespearian comedy
_cH.B.Charlton
260 _aLondon
_bMethuen
_c1959
300 _a303 p.
504 _aIncludes index
650 _aEnglish Drama
651 _aShakespeare,Wilson - Comedy - Criticism
850 _aLCLIB
942 _cBK
999 _c4729
_d55208